00921nam a2200265Ia 4500008004100000245003700041245003000078260001800108260007500126260000900201300004300210300002900253300001400282440004200296500002500338650001900363650001800382650002900400650004100429650002200470700002900492700002800521999001900549952008700568160319s9999 xx 000 0 und d aMythology in literary culture /  cDiscovery Channel School. aPhilippines:  bDistributed by Magnavision Home Video/Discovery Communications, Inc.,  c2005 a1 VCD-video (approximately 50 min.) :  bdigital, sound, color ;  c4 3/4 in. aDiscovery Channel School. Literature. aLanguage in English. aLife sciences. aMicrobiology. aMythology in literature. aMythology, Classical, in literature. aMythology, Greek. aDiscovery School (Firm). aMagnavision Home Video. c292410d292410 001040aSSISBbSSISBd2016-03-19l0pAV-013r2016-03-19 00:00:00w2016-03-19yAVM